000 00354nam a22001577a 4500
005 20160903162749.0
008 160903b xxu||||| |||| 00| 0 eng d
020 _a978-81-83-56-291-1
041 _aeng
100 _aPRAKASH,M
_93473
245 _aINSECT ECOLOGY
260 _bD.P.H
_c2008
300 _a345
650 _aAGRICULTURE
_92837
942 _cBK
999 _c5179
_d5177